Statistics for Pokemon Elite Four Members

Click here to take the quiz!

General Stats

  • This quiz has been taken 9 times
  • The average score is 25 of 29

Answer Stats

HintAnswer% Correct
SinnohAaron
100%
SinnohBertha
100%
SinnohFlint
100%
SinnohLucian
100%
AlolaAcerola
83%
KantoAgatha
83%
JohtoBruno
83%
KantoBruno
83%
UnovaCaitlin
83%
HoennDrake
83%
HoennGlacia
83%
UnovaGrimsley
83%
AlolaHala
83%
AlolaKahili
83%
JohtoKaren
83%
JohtoKoga
83%
KantoLance
83%
KantoLorelei
83%
KalosMalva
83%
UnovaMarshal
83%
AlolaMolayne
83%
AlolaOlivia
83%
HoennPhoebe
83%
UnovaShauntal
83%
HoennSidney
83%
KalosSiebold
83%
KalosWikstrom
83%
JohtoWill
83%
KalosDrasna
67%

Score Distribution

Percentile by Number Answered

Percent of People with Each Score

Your Score History

You have not taken this quiz